000
00341nam a2200169Ia 4500
100
_a
Clegg/Brian
650
_a
General
942
_c
BK
366
_f
20
654
_a
motivation
245
_a
Just in time-Motivation
260
_b
Kogan Page
_c
2000
082
_a
658.314/CLE
_b
CLE
300
_a
129
546
_a
ENGLISH
999
_c
23552
_d
23552